000
00279nam a2200133Ia 4500
082
_a
618.1
_b
G09K
100
_a
KHAN,RL
245
_a
FIVE TEACHERS GYNAECOLOGY
250
_a
3RD
260
_b
CBS
_a
DELHI
_c
2009
300
_a
1-387
650
_a
OBST & GYNAECOLOGY
942
_2
ddc
_c
BK
999
_c
333
_d
333